000 01489cam a22003014a 4500
001 14642395
005 20091119122422.0
008 061121s2006 enka b 001 0 eng
010 _a2006286209
020 _a9780199210824
020 _a0199210829
040 _aDLC
_cDLC
_dDLC
043 _ad------
050 0 0 _aHC59.7
_b.E22 2006b
082 0 0 _a338.911713
_222
_bEAS
100 1 _aEasterly, William,
_d1957-
_923158
245 1 4 _aThe white Man's Burden :
_bWhy the West's Efforts to Aid the Rest have done so much ill and so Little Good /
_cWilliam Easterly.
260 _aOxford ;
_aNew York :
_bOxford University Press,
_c2006.
300 _a380 p. :
_bill. ;
_c24 cm.
650 0 _aEconomic assistance
_zDeveloping countries.
_923159
650 0 _aPoverty
_xPrevention.
_923160
653 _bEco
_cApril2011
942 _2ddc
_cBB
999 _c15137
_d15137